Čhavore romane : obraz rómskych detí a mládeže v literatúre /

Uložené v:
Podrobná bibliografia
Hlavný autor: Hábovčíková, Bohuslava (Author)
Médium: Kniha
Jazyk:Slovak
Vydané: Nitra : Vysoká škola pedagogická, 1993.
Vydanie:1. vyd.
Témy:
ISBN: 8088738180 (brož.)
Fyzický popis: 179 s.
Tagy: Pridať tag
Žiadne tagy, Buďte prvý kto otaguje tento záznam!

MARC

LEADER 00000nam a2200000 a 4500
001 000073521
003 SVKK
005 20110128074212.0
008 990218s1993 xo e sloo
020 |a 8088738180 (brož.) 
040 |a SVKKK  |b slo  |c SVKKK  |e AACR2 
041 0 |a slo 
044 |a xo  |c SK 
080 |a 891.499:3-053.2/.6(075.8)  |2 1997 
080 |a 82(091):891.499(075.8)  |2 1997 
245 0 0 |a Čhavore romane :  |b obraz rómskych detí a mládeže v literatúre /  |c Bohuslava Hábovčíková ... [et al.]. 
250 |a 1. vyd. 
260 |a Nitra :  |b Vysoká škola pedagogická,  |c 1993. 
300 |a 179 s. 
653 0 |a literatúra rómska  |2 SVKKKPH 
653 0 |a deti rómske  |2 SVKKKPH 
653 0 |a mládež rómska  |2 SVKKKPH 
653 0 |a učebnice VŠ  |2 SVKKKPH 
655 7 |a učebnice vysokých škôl  |2 SVKKKPH 
700 1 |a Hábovčíková, Bohuslava  |4 aut 
910 |a svkkk 
919 |a 80-88738-18-0 
974 |a MI  |d 19990218 
974 |a PA  |d 19990218 
974 |a UH  |d 19991103 
998 |a BK 
090 |g SCKHL  |k Sklad Pribinova 3. posch.  |a V.189912  |j 874300  |i 2720059686  |s Povinný výt.